000 01000nam a2200181Ia 4500
008 100921s9999 xx 000 0 und d
082 _b27656
_a320 थ 95
100 _aवाजपेयी अटलबिहारी,अनु,लेले अरविंद.
245 _aखा.अटलबिहारी वाजपेयी संसदेतील तीन तपे-भाषणे.
260 _bनितीन प्रकाशन,पुणे.
_c1995
300 _a301
_bकान्टिनेंटल बुक एजन्सी,पुणे
365 _b150
520 _aस.शा.राज्यशास्त्र.
630 _aखा.अटलबिहारी वाजपेयी संसदेतील तीन तपे-भाषणे.
650 _aस.शा.राज्यशास्त्र.
730 _aखा.अटलबिहारी वाजपेयी संसदेतील तीन तपे-भाषणे.
942 _cBOOK
999 _c776769
_d776766